| 000 -LEADER |
| fixed length control field |
00778nam a22001337a 4500 |
| 040 ## - CATALOGING SOURCE |
| Transcribing agency |
RUA |
| 082 ## - DEWEY DECIMAL CLASSIFICATION NUMBER |
| Classification number |
AGR OP 2022 B1-406 Or. |
| 100 ## - MAIN ENTRY--AUTHOR NAME |
| Personal name |
OP SARANH,អុប សារ៉ាញ់ |
| 245 ## - TITLE STATEMENT |
| Title |
UTILIZATION OF DIFFERENT 15.15.15 FERTILIZER RATES ON GROWTH AND YIELD OF LETTUCE UNDER SANDY LOAM CONDITION,ការប្រើប្រាស់ជី ១៥.១៥.១៥ កម្រិតខុសគ្នាលើការលូតលាស់ និងទិន្នផលនៃដំណាំសាលាដក្នុងលក្ខខណ្ឌដីល្បាយខ្សាច់ |
| 260 ## - PUBLICATION, DISTRIBUTION, ETC. (IMPRINT) |
| Place of publication |
phnom penh |
| Name of publisher |
rua |
| Year of publication |
2022 |
| 300 ## - PHYSICAL DESCRIPTION |
| Number of Pages |
x.30p. |
| Other physical details |
ill. |
| Dimensions |
29cm. |
| 856 ## - ELECTRONIC LOCATION AND ACCESS |
| Uniform Resource Identifier |
https://drive.google.com/file/d/1HUK-9CWqpsJkLazfDDuaRSLCfremu_wQ/view?usp=sharing |
| 942 ## - ADDED ENTRY ELEMENTS (KOHA) |
| Koha item type |
AGR |
| 952 ## - LOCATION AND ITEM INFORMATION (KOHA) |
| Withdrawn status [LOCAL, KOHA] |
0 |
| 952 ## - LOCATION AND ITEM INFORMATION (KOHA) |
| Withdrawn status [LOCAL, KOHA] |
0 |
| 952 ## - LOCATION AND ITEM INFORMATION (KOHA) |
| Withdrawn status [LOCAL, KOHA] |
0 |